|
|
|
|
| LEADER |
00752nab a2200181 i 4500 |
| 001 |
misc11953 |
| 005 |
20191106141643.0 |
| 008 |
170607s1963 hu o 0|| hun d |
| 022 |
|
|
|a 0025-0260
|
| 040 |
|
|
|a SZTE Miscellanea Repozitórium
|b hun
|
| 041 |
|
|
|a hun
|
| 100 |
1 |
|
|a Prohászka Lajos
|
| 245 |
1 |
0 |
|a Humanizmus és forradalom. Töredék a szofisztika történetéből
|h [elektronikus dokumentum] /
|c Prohászka Lajos
|
| 260 |
|
|
|c 1963
|
| 300 |
|
|
|a 405-424
|
| 490 |
0 |
|
|a Magyar pedagógia : a Magyar Tudományos Akadémia Pedagógiai Bizottságának folyóirata
|v 63 No. 4
|
| 695 |
|
|
|a Filozófia emberfelfogás ókori görög, Filozófia története, Szofisták
|
| 856 |
4 |
0 |
|u http://misc.bibl.u-szeged.hu/11953/1/mp_1963_004_4487_405-424.pdf
|z Dokumentum-elérés
|